000 00759nam a2200205Ia 4500
005 20260121110033.0
008 008 260114s9999 xx 000 0 hin d
020 _a9788132353911
037 _aEBOOK
040 _aCRL
_bhin
_cCRL
041 _ahin
_2hin
084 _qCRL
100 _aविजय कुमार शर्मा / Vijay Kumar Sharma
_9941278
245 0 _aपादप जैव प्रौद्योगिकी एवं आणविक जीव विज्ञान / Paadap Jaiv Praudyogiki aur Aanvik Jeev Vigyan
260 _bभाषा प्रकाशन / Bhasha Prakashan
_c2020
856 _uhttps://bhashaprakashan.com/product-details/382532
942 _cEBOOK
999 _c1532943
_d1532943